<?xml version="1.0" encoding="UTF-8"?><?xml-stylesheet type="text/xsl" href="static/style.xsl"?><OAI-PMH xmlns="http://www.openarchives.org/OAI/2.0/" xmlns:xsi="http://www.w3.org/2001/XMLSchema-instance" xsi:schemaLocation="http://www.openarchives.org/OAI/2.0/ http://www.openarchives.org/OAI/2.0/OAI-PMH.xsd"><responseDate>2026-06-07T11:29:13Z</responseDate><request verb="GetRecord" identifier="oai:docta.ucm.es:20.500.14352/123171" metadataPrefix="marc">https://docta.ucm.es/rest/oai/request</request><GetRecord><record><header><identifier>oai:docta.ucm.es:20.500.14352/123171</identifier><datestamp>2025-08-19T00:09:13Z</datestamp><setSpec>com_20.500.14352_14</setSpec><setSpec>col_20.500.14352_18</setSpec></header><metadata><record xmlns="http://www.loc.gov/MARC21/slim" xmlns:dcterms="http://purl.org/dc/terms/" xmlns:xsi="http://www.w3.org/2001/XMLSchema-instance" xmlns:doc="http://www.lyncode.com/xoai" xsi:schemaLocation="http://www.loc.gov/MARC21/slim http://www.loc.gov/standards/marcxml/schema/MARC21slim.xsd">
   <leader>00925njm 22002777a 4500</leader>
   <datafield ind2=" " ind1=" " tag="042">
      <subfield code="a">dc</subfield>
   </datafield>
   <datafield ind2=" " ind1=" " tag="720">
      <subfield code="a">Cano Cambronero, María De Los-Ángeles</subfield>
      <subfield code="e">author</subfield>
   </datafield>
   <datafield ind2=" " ind1=" " tag="260">
      <subfield code="c">2016</subfield>
   </datafield>
   <datafield ind2=" " ind1=" " tag="520">
      <subfield code="a">En este trabajo se demuestra cómo un estudio pormenorizado de las bases verbales que seleccionan los sufijos -nte y -dor y las restricciones que operan en estos procesos derivativos arroja luz sobre los problemas de codificación lexicográfica que plantean los derivados a los que dan lugar. Los datos analizados en este trabajo confirman la ausencia de una verdadera sinonimia entre ambos sufijos, mostrando que existen claras diferencias semánticas y contextuales entre ellos. Estas son esperables si se tienen en cuenta las restricciones de selección que cada sufijo impone sobre su base.</subfield>
   </datafield>
   <datafield ind1="8" ind2=" " tag="024">
      <subfield code="a">Cano Cambronero, M. Á. (2016). De cómo las propiedades morfológicas, sintácticas y aspectuales de los derivados tienen reflejo en su significado. En Los lindes de la morfología (pp. 39-61). Servizo de Publicacións Universidade da Coruña.</subfield>
   </datafield>
   <datafield ind1="8" ind2=" " tag="024">
      <subfield code="a">978-84-974-9638-4</subfield>
   </datafield>
   <datafield ind1="8" ind2=" " tag="024">
      <subfield code="a">https://hdl.handle.net/20.500.14352/123171</subfield>
   </datafield>
   <datafield ind1="8" ind2=" " tag="024">
      <subfield code="a">https://produccioncientifica.ucm.es/documentos/6195e8f20d41a92607a96b80</subfield>
   </datafield>
   <datafield ind1="8" ind2=" " tag="024">
      <subfield code="a">https://dialnet.unirioja.es/servlet/libro?codigo=838827</subfield>
   </datafield>
   <datafield ind2="0" ind1="0" tag="245">
      <subfield code="a">De cómo las propiedades morfológicas, sintácticas y aspectuales de los derivados tienen reflejo en su significado</subfield>
   </datafield>
</record></metadata></record></GetRecord></OAI-PMH>